| 000 | 00585nam a2200181 i 4500 | ||
|---|---|---|---|
| 001 | 78077 | ||
| 003 | ES-MaACL | ||
| 005 | 20230906173530.0 | ||
| 007 | t| | ||
| 008 | 041011s1973 sp ||||1| spa d | ||
| 100 | 1 |
_aHarris, Thomas A. _961924 |
|
| 245 | 1 | 0 |
_aYo estoy bien, tú estas bien _b: guía práctica del análisis conciliatorio / _cThomas A. Harris ; [traducido por R. Hernández Sol]. |
| 250 | _a[1ª ed.]. | ||
| 260 |
_aBarcelona : _bGrijalbo, _c[1973] |
||
| 300 |
_a402 p. ; _c20 cm. |
||
| 700 | 1 |
_aHernández Sol, Ramón. _963057 |
|
| 852 |
_aES-MaACL _jC-53647 _bR.86925 |
||
| 999 |
_c78077 _d78077 |
||